00494nam a2200193 a 4500001001300000003000900013005001700022008004100039020001000080082001500090100002100105245002600126260003500152300000900187500003500196505001900231650002900250700002100279nice12345678IN_TiNIC20260116011813.0050524s1875 alla grs 000 0 49g  ac10000a226.2bIMA aImaddudin, Padri aInjil Mati Ki Tafsir. aAllahabadbMission Pressc1875 a518p aincludes index and biblioraphy2 aReserve copies aBible N.T. Gospel Mathew1 aImaddudin, Padri